| 000 | 00474nam a2200205 a 4500 | ||
|---|---|---|---|
| 999 |
_c6576 _d6576 |
||
| 001 | 6576 | ||
| 003 | BD-JhCC | ||
| 005 | 20180125182322.0 | ||
| 008 | 180125b1966 uk |||| |||| 000 0 eng d | ||
| 035 | _a(BD-JhCC) | ||
| 040 |
_aBD-JhCC _dBD-JhCC |
||
| 041 | _aeng | ||
| 082 |
_a822..68 _bHAY |
||
| 100 | _aHay, Ian | ||
| 245 |
_aHousemaster / _cIan Hay |
||
| 260 |
_aLondon: _bBlackie & Son Ltd; |
||
| 300 |
_a169 p;, _c18 cm |
||
| 650 | _aEnglish Drama | ||
| 942 |
_2ddc _cBK |
||